[Event "Sevastopol Waltz Blitz"]
[Site "Sevastopol"]
[Date "2023.06.29"]
[Round "9"]
[White "Khvorost, Ivan Vit"]
[Black "Krovkin, Grigoriy"]
[Result "0-1"]
[WhiteElo "1358"]
[BlackElo "1750"]
[PlyCount "61"]
[EventDate "2023.06.29"]
[EventType "swiss (blitz)"]
[EventRounds "13"]
[EventCountry "UKR"]
[SourceTitle "CBM 215 Extra"]
[Source "ChessBase"]
[SourceDate "2023.09.30"]
[SourceVersion "1"]
[SourceVersionDate "2023.09.30"]
[SourceQuality "1"]

1. d4 d5 2. Nf3 c6 3. e3 Nf6 4. Bd3 Bg4 5. 0-0 e6 6. h3 Bh5 7. Nbd2 Be7 8. b3 0-0 9. Bb2 Nbd7 10. Qe1 c5 11. Ne5 Nxe5 12. dxe5 Nd7 13. c4 dxc4 14. Nxc4 b5 15. Nd2 Nxe5 16. Bxh7+ Kxh7 17. Bxe5 Qd3 18. g4 Bg6 19. f4 f6 20. Bb2 Rad8 21. Nf3 c4 22. bxc4 bxc4 23. Nd4 Rb8 24. Qc3 Bc5 25. Rad1 Qe4 26. Rde1 Bb4 27. Qc1 Bxe1 28. Rxe1 e5 29. Ne6 Qf3 30. Qd2 Be4 31. Qd1 0-1

[Event "Sevastopol Waltz Blitz"]
[Site "Sevastopol"]
[Date "2023.06.29"]
[Round "7"]
[White "Khvorost, Ivan Vit"]
[Black "Tomilova, Elena"]
[Result "1/2-1/2"]
[WhiteElo "1358"]
[BlackElo "2209"]
[PlyCount "41"]
[EventDate "2023.06.29"]
[EventType "swiss (blitz)"]
[EventRounds "13"]
[EventCountry "UKR"]
[SourceTitle "CBM 215 Extra"]
[Source "ChessBase"]
[SourceDate "2023.09.30"]
[SourceVersion "1"]
[SourceVersionDate "2023.09.30"]
[SourceQuality "1"]

1. d4 Nf6 2. Nf3 d5 3. e3 c6 4. Bd3 Bg4 5. 0-0 Nbd7 6. b3 e5 7. dxe5 Nxe5 8. Be2 Bxf3 9. Bxf3 Bd6 10. Bb2 Qe7 11. Nd2 h5 12. Qe2 g5 13. g3 h4 14. c4 hxg3 15. hxg3 Qe6 16. Bg2 g4 17. f4 gxf3 18. Nxf3 Neg4 19. Ng5 Qe7 20. Qf3 Rh6 21. cxd5 1/2-1/2

[Event "Sevastopol Waltz Rapid"]
[Site "Sevastopol"]
[Date "2023.06.27"]
[Round "7"]
[White "Khvorost, Ivan Vit"]
[Black "Chudinovskikh, Alexander M"]
[Result "0-1"]
[WhiteElo "1358"]
[BlackElo "2059"]
[PlyCount "24"]
[EventDate "2023.06.26"]
[EventType "swiss (rapid)"]
[EventRounds "11"]
[EventCountry "UKR"]
[SourceTitle "CBM 215 Extra"]
[Source "ChessBase"]
[SourceDate "2023.09.30"]
[SourceVersion "1"]
[SourceVersionDate "2023.09.30"]
[SourceQuality "1"]

1. f4 g6 2. b3 Bg7 3. Nc3 d6 4. e3 Nf6 5. Bb2 0-0 6. Nf3 Nbd7 7. Be2 e5 8. fxe5 dxe5 9. 0-0 Qe7 10. e4 c6 11. d3 Ng4 12. Bc1 Qc5+ 0-1

[Event "Sevastopol Waltz Rapid"]
[Site "Sevastopol"]
[Date "2023.06.27"]
[Round "4"]
[White "Nesterenko, Vladislav"]
[Black "Khvorost, Ivan Vit"]
[Result "0-1"]
[WhiteElo "1332"]
[BlackElo "1358"]
[PlyCount "160"]
[EventDate "2023.06.26"]
[EventType "swiss (rapid)"]
[EventRounds "11"]
[EventCountry "UKR"]
[SourceTitle "CBM 215 Extra"]
[Source "ChessBase"]
[SourceDate "2023.09.30"]
[SourceVersion "1"]
[SourceVersionDate "2023.09.30"]
[SourceQuality "1"]

1. e4 c5 2. a3 d5 3. exd5 Qxd5 4. Nc3 Qd8 5. h3 Nc6 6. Nf3 e6 7. Bb5 Bd7 8. 0-0 Nf6 9. d3 Be7 10. Be3 0-0 11. Qd2 a6 12. Ba4 Nd5 13. Nxd5 exd5 14. Rad1 Rc8 15. Rfe1 Bd6 16. Bf4 Bxf4 17. Qxf4 h6 18. Bb3 Be6 19. Re2 Qb6 20. Rb1 Qa5 21. Qd2 Qxd2 22. Rxd2 c4 23. Ba2 b5 24. dxc4 dxc4 25. c3 Bf5 26. Rbd1 Be4 27. Bb1 Bxf3 28. gxf3 Ne5 29. Kg2 f5 30. Rd6 Ra8 31. f4 Nf7 32. Rb6 Rfe8 33. Kf3 g5 34. Rd2 Rad8 35. Rxd8 Rxd8 36. Ke2 Rd6 37. Rb8+ Kg7 38. fxg5 Re6+ 39. Kf1 Nxg5 40. Bxf5 Rf6 41. Bg4 h5 42. Bxh5 Nxh3 43. Ke1 Nxf2 44. Be2 Ne4 45. Re8 Nc5 46. Re3 Na4 47. Rg3+ Kh6 48. Kd2 Nxb2 49. Kc2 Na4 50. Rf3 Re6 51. Bd1 Nc5 52. Rf2 Nd3 53. Rh2+ Kg5 54. Be2 Nf4 55. Bd1 Re3 56. Kb2 Kf5 57. Bc2+ Nd3+ 58. Bxd3+ cxd3 59. Rh6 Re6 60. Rh3 Re2+ 61. Kc1 Rc2+ 62. Kd1 Rxc3 63. a4 b4 64. Rh2 Ra3 65. Rb2 Rxa4 66. Kd2 Ke4 67. Rb3 Ra2+ 68. Kd1 a5 69. Kc1 Ke3 70. Kb1 Rc2 71. Ka1 Kd4 72. Kb1 Kc4 73. Rb2 Rxb2+ 74. Kxb2 a4 75. Kc1 Kc3 76. Kb1 d2 77. Ka2 a3 78. Kb1 d1Q+ 79. Ka2 b3+ 80. Kxa3 Qa1# 0-1

[Event "Sevastopol Waltz op"]
[Site "Sevastopol"]
[Date "2023.06.22"]
[Round "6"]
[White "Khvorost, Ivan Vit"]
[Black "Shulga, Jury"]
[Result "1/2-1/2"]
[WhiteElo "1358"]
[BlackElo "2202"]
[PlyCount "78"]
[EventDate "2023.06.17"]
[EventType "swiss"]
[EventRounds "9"]
[EventCountry "UKR"]
[SourceTitle "CBM 214 Extra"]
[Source "ChessBase"]
[SourceDate "2023.07.31"]
[SourceVersion "1"]
[SourceVersionDate "2023.07.31"]
[SourceQuality "1"]

1. d4 Nf6 2. Nf3 d6 3. e3 Nbd7 4. b3 g6 5. Bb2 Bg7 6. Bd3 0-0 7. Nbd2 c5 8. 0-0 b6 9. c4 Bb7 10. d5 b5 11. e4 b4 12. Qe2 Qc7 13. Rfe1 Nh5 14. Bxg7 Nxg7 15. e5 dxe5 16. Nxe5 Nxe5 17. Qxe5 Qxe5 18. Rxe5 Rfe8 19. Rae1 Kf8 20. R5e3 Rac8 21. Rh3 Kg8 22. Ne4 Red8 23. Ng5 Rc7 24. Rhe3 Rdd7 25. Rh3 Nh5 26. Ne4 Kg7 27. g4 Nf6 28. Nxf6 Kxf6 29. Rxh7 e6 30. dxe6 Rxd3 31. exf7 Rc8 32. g5+ Kf5 33. f8Q+ Rxf8 34. Rxb7 Rd2 35. Rxa7 Kxg5 36. Rf1 Kg4 37. Kg2 Rf5 38. Ra8 Kf4 39. Rg1 Rd4 1/2-1/2

[Event "Sevastopol Waltz op"]
[Site "Sevastopol"]
[Date "2023.06.19"]
[Round "3"]
[White "Baranov, Jury"]
[Black "Khvorost, Ivan Vit"]
[Result "0-1"]
[WhiteElo "2110"]
[BlackElo "1358"]
[PlyCount "62"]
[EventDate "2023.06.17"]
[EventType "swiss"]
[EventRounds "9"]
[EventCountry "UKR"]
[SourceTitle "CBM 214 Extra"]
[Source "ChessBase"]
[SourceDate "2023.07.31"]
[SourceVersion "1"]
[SourceVersionDate "2023.07.31"]
[SourceQuality "1"]

1. d4 Nf6 2. Nf3 e6 3. e3 d5 4. Bd3 Bd6 5. 0-0 0-0 6. b3 b6 7. c4 Bb7 8. Bb2 Nbd7 9. Nbd2 c5 10. cxd5 Nxd5 11. Nc4 Bc7 12. Rc1 Rc8 13. Bb1 Qe7 14. dxc5 Nxc5 15. Qc2 f5 16. Rfd1 b5 17. Nce5 Nd7 18. Qe2 Nxe5 19. Nxe5 Qg5 20. f4 Qh4 21. Bd4 a6 22. Nd7 Nxf4 23. exf4 Bxf4 24. g3 Bxg3 25. Nxf8 Rxc1 26. Qxe6+ Kh8 27. Bxg7+ Kxg7 28. Qd7+ Kh8 29. hxg3 Qxg3+ 30. Kf1 Bg2+ 31. Ke2 Qf3+ 0-1

[Event "Sevastopol Waltz op"]
[Site "Sevastopol"]
[Date "2023.06.17"]
[Round "1"]
[White "Kryakvin, Dmitry"]
[Black "Khvorost, Ivan Vit"]
[Result "1-0"]
[WhiteElo "2471"]
[BlackElo "1358"]
[PlyCount "103"]
[EventDate "2023.06.17"]
[EventType "swiss"]
[EventRounds "9"]
[EventCountry "UKR"]
[SourceTitle "CBM 214 Extra"]
[Source "ChessBase"]
[SourceDate "2023.07.31"]
[SourceVersion "1"]
[SourceVersionDate "2023.07.31"]
[SourceQuality "1"]

1. c4 e6 2. Nc3 b6 3. d4 d5 4. Nf3 Bb7 5. cxd5 exd5 6. g3 Nf6 7. Bg2 Bd6 8. Ne5 0-0 9. Bg5 Be7 10. 0-0 h6 11. Bf4 Ne4 12. Nxe4 dxe4 13. Rc1 c5 14. dxc5 Qxd1 15. Rfxd1 Bxc5 16. b4 Bxb4 17. Rc7 Ba6 18. Bxe4 Bxe2 19. Rdc1 Na6 20. R7c2 Rae8 21. Rxe2 Nc5 22. Rc4 a5 23. Bd5 g5 24. Bc1 Nd3 25. Nxd3 Rxe2 26. Nxb4 axb4 27. Rc7 Re5 28. Bb3 Rc5 29. Rxc5 bxc5 30. Be3 Rc8 31. Bc4 Kf8 32. Kf1 Ke7 33. g4 f6 34. Ke2 Kd6 35. Kd3 Ke5 36. Bb3 Kd6 37. Kc4 Rc7 38. Bd1 Rc8 39. Bf3 Rc7 40. Bd5 Rc8 41. f3 Rc7 42. Bg1 h5 43. h3 Rc8 44. gxh5 Rh8 45. Bxc5+ Ke5 46. Bf7 Kf4 47. Kd5 Ra8 48. Bxb4 Rxa2 49. h6 Ra8 50. h7 Rh8 51. Bg8 Kxf3 52. Bc3 1-0